<?xml version="1.0" encoding="UTF-8"?><?xml-stylesheet type="text/xsl" href="static/style.xsl"?><OAI-PMH xmlns="http://www.openarchives.org/OAI/2.0/" xmlns:xsi="http://www.w3.org/2001/XMLSchema-instance" xsi:schemaLocation="http://www.openarchives.org/OAI/2.0/ http://www.openarchives.org/OAI/2.0/OAI-PMH.xsd"><responseDate>2026-04-13T06:45:43Z</responseDate><request verb="GetRecord" identifier="oai:www.recercat.cat:10230/34435" metadataPrefix="marc">https://recercat.cat/oai/request</request><GetRecord><record><header><identifier>oai:recercat.cat:10230/34435</identifier><datestamp>2025-12-23T20:53:22Z</datestamp><setSpec>com_2072_6</setSpec><setSpec>col_2072_452954</setSpec></header><metadata><record xmlns="http://www.loc.gov/MARC21/slim" xmlns:dcterms="http://purl.org/dc/terms/" xmlns:xsi="http://www.w3.org/2001/XMLSchema-instance" xmlns:doc="http://www.lyncode.com/xoai" xsi:schemaLocation="http://www.loc.gov/MARC21/slim http://www.loc.gov/standards/marcxml/schema/MARC21slim.xsd">
   <leader>00925njm 22002777a 4500</leader>
   <datafield ind2=" " ind1=" " tag="042">
      <subfield code="a">dc</subfield>
   </datafield>
   <datafield ind2=" " ind1=" " tag="720">
      <subfield code="a">Aparicio Martí, Adrià</subfield>
      <subfield code="e">author</subfield>
   </datafield>
   <datafield ind2=" " ind1=" " tag="260">
      <subfield code="c">2018-04-24T17:29:48Z</subfield>
   </datafield>
   <datafield ind2=" " ind1=" " tag="260">
      <subfield code="c">2018-04-24T17:29:48Z</subfield>
   </datafield>
   <datafield ind2=" " ind1=" " tag="260">
      <subfield code="c">2016</subfield>
   </datafield>
   <datafield ind2=" " ind1=" " tag="520">
      <subfield code="a">Tutor: Ivan Pintor Iranzo</subfield>
   </datafield>
   <datafield ind2=" " ind1=" " tag="520">
      <subfield code="a">Treball de l&amp;apos;assignatura: Cruïlles Contemporànies entre Cinema, Televisió i Còmic, de primer trimestre del màster en Estudis de Cinema i Audiovisual Contemporanis. Curs 2016-2017</subfield>
   </datafield>
   <datafield ind2=" " ind1=" " tag="520">
      <subfield code="a">Què és un autor? és un projecte audiovisual que té com a text seminal&#xd;
la conferència homònima que M. Foucault va impartir el 1969 a la Societat&#xd;
Francesa de Filosofia. La seva voluntat, però, no és la de reprendre les reflexions&#xd;
de l’assaig del francès, sinó la de posar-lo frec a frec amb d’altres elements i&#xd;
estructures que el converteixin en un objecte d’estudi des d’on produir nous&#xd;
significats. La tensió apareix en el moment en el que traslladem la teoria en un&#xd;
marc afectiu, en un cos i en una pràctica. En aquest cas, La desaparició del&#xd;
subjecte autor a què Foucault es referia és aquí la del pare malalt que ha perdut&#xd;
l&amp;apos;autoritat.</subfield>
   </datafield>
   <datafield ind2=" " ind1=" " tag="520">
      <subfield code="a">“Què És un Autor?” [What Is an Author?] is an audiovisual project that&#xd;
is modelled on the conference that M. Foucault gave in 1969 to the French&#xd;
Society of Philosophy. Despite this fact, the aim of the project is not to rethink the&#xd;
Foucaultian concerns, but to connect it with other elements and structures that&#xd;
turns it into a subject matter from which new meanings can be produced. When&#xd;
transferring this theory into a practical exercise, the inherent tension on this&#xd;
gesture emerges, as the frame we are moving in now has to do with affect and&#xd;
embodied practices. In this case, the disappearance of the author subject that&#xd;
Foucault referred to is that of the sick father who loses his authority.</subfield>
   </datafield>
   <datafield tag="653" ind2=" " ind1=" ">
      <subfield code="a">Foucault, Michel, 1926-1984 -- Adaptacions cinematogràfiques i televisives</subfield>
   </datafield>
   <datafield tag="653" ind2=" " ind1=" ">
      <subfield code="a">Foucault, Michel, 1926-1984. Qu&amp;apos;est-ce qu&amp;apos;un auteur ?</subfield>
   </datafield>
   <datafield ind2="0" ind1="0" tag="245">
      <subfield code="a">Què és un autor?</subfield>
   </datafield>
</record></metadata></record></GetRecord></OAI-PMH>